000 00655nam a2200229Ia 4500
003 OSt
005 20220928113553.0
006 a|||||r|||| 00| 0
007 ta
008 220927b |||||||| |||| 00| 0 eng d
024 _a56872
037 _cTextual
040 _aSDCL
_cSDCL
_beng
041 _2eng
_aeng
082 _aV42:1958,(zQ)'N5, K9
100 _aHellman Donald C
_9433877
245 0 _aJapanese foreign policy and domestic politics
260 _aLondon
_bUniversity of California Press
_c1969
300 _avii,202p
_ccm.
942 _hV42:1958,(zQ)'N5, K9
_cTEXL
_2CC
999 _c750283
_d750283